Spider-Man: No Way Home Cast - Sudden Death - Statistics

General Stats
  • This quiz has been taken 144 times
  • The average score is 7 of 15
Answers on the Grid
Answers color-coded by a green-red scale on the quiz's grid according to % correct below.
Tom Holland
Willem Dafoe
Emma Stone
Walton Goggins
Topher Grace
Mark Ruffalo
Cliff Robertson
Stan Lee
Stanley Tucci
Tessa Thompon
Zendaya
Jamie Foxx
Samuel L. Jackson
Rhys Ifans
Martin Sheen
Rosemary Harris
Michael Mando
Benedict Cumberbatch
Benedict Wong
Benny Safdie
Thomas Haden Church
Maggie Gyllenhaal
Tobey Maguire
Andrew Garfield
Bill Nunn
Marisa Tomei
Jon Favreau
Elizabeth Banks
Alfred Molina
Bryce Dallas Howard
Jake Gyllenhaal
Robert Downey Jr.
Joseph Gordon-Levitt
Charlie Cox
J.K. Simmons
 
Answer Stats
Answer % Correct
Tom Holland
98%
Willem Dafoe
72%
Zendaya
67%
Jamie Foxx
53%
Andrew Garfield
52%
Tobey Maguire
52%
Benedict Cumberbatch
47%
J.K. Simmons
39%
Benedict Wong
35%
Alfred Molina
32%
Charlie Cox
32%
Jon Favreau
32%
Rhys Ifans
27%
Marisa Tomei
26%
Thomas Haden Church
22%
No matching quizzes found
Score Distribution
Percent of People with Each Score
Percentile by Number Answered
Your Score History
You have not taken this quiz